000 00628nam a2200217Ia 4500
005 20241129105856.0
008 241129s9999||||xx |||||||||||||| ||und||
020 _a978-81-956738-7-2
037 _aTB
040 _aARTS
_beng
_cARTS
041 _asan
_2san
084 _aT:f 15R2
_qARTS
100 _aJha Santoshkumar Au.
_9726553
245 0 _aShakshikanusandhanam natiknirnaryashach
_cJha Santoshkumar Au.
260 _aNew Delhi, India
_bNew Abhyuday Prakashanam
_c2019
300 _a197p.
365 _aINR
_b500
650 _aEducationResearch
_9726554
942 _cTB
_hT:f 15R2
999 _c1226388
_d1226388